Statistics for Countries Bordering Myanmar - 15 Second Sprint

Click here to take the quiz!

General Stats

  • This quiz has been taken 93 times
  • The average score is 4 of 5

Answers on the Map

Answers color-coded by a green-red scale on the quiz's map according to % correct below.
 

Answer Stats

countries% Correct
Thailand
90%
China
87%
India
87%
Laos
84%
Bangladesh
78%

Score Distribution

Percentile by Number Answered

Percent of People with Each Score

Your Score History

You have not taken this quiz